00855nam a2200229 i 4500001000700000003000900007005001700016007000300033008004100036080001300077080001000090245011000100260004800210300002200258500007300280650001700353700002200370710006000392852003200452999001900484952012200503134875ES-MaACL20230906194748.0t|070702s1970 sp ||||1| spa d a379.8.06 a179.800aTiempo libre b: los graves problemas que plantea a nuestra civilización / c[traducido por F. Rivera]. a[Bilbao] : bDesclée de Brouwer, c[1970] a156 p. ; c21 cm. aPrecede al tít.: Centro Católico de los Intelectuales Franceses.14aOcio.9156801 aRivera, F.9976122 aCentro Católico de los Intelectuales Franceses.92570 aES-MaACLjC-39778 bR.75942 c134875d134875 00104070aATENEOMbATENEOMcDEPO2d2008-01-17eSCl0oC-39778p1140385r2023-02-23 00:00:00w2023-02-23yMONOGRAFIA